000 00594nam a2200241Ia 4500
003 OSt
005 20231005143201.0
008 210329s9999||||xx |||||||||||||| ||und||
020 _a0195089561
040 _cSTCPL
041 _aENG
082 _a580.282
_bSTE-P
100 _aRuzin, Steven E.
245 0 _aPlant microtechnique and microscopy /
_cby Steven E. Ruzin
260 _aNew York :
_bOxford University Press,
_c1999.
300 _a322 p.
_bPB
650 _aBiology
650 _aMicrotechnique
650 _aMicroscopy
650 _aPlant
942 _cBK
942 _2ddc
999 _c46106
_d46106